000
00269nam a22001217a 4500
008
190201b xxu||||| |||| 00| 0 eng d
041
_a
eng
080
_2
3rd
_a
316
100
_a
50
101
_a
SOC
245
_a
Socio-Logical Theory
_c
Timasheff, N.S
942
_2
udc
_c
BK
999
_c
53909
_d
53909